000 00836nam a2200253Ia 4500
003 OSt
005 20220923223346.0
006 a|||||r|||| 00| 0
007 ta
008 220922b |||||||| |||| 00| 0 hin d
024 _a213,867
037 _cTextual
040 _aARTS
_cARTS
_bhin
041 _2hin
_ahin
082 _aO152,3M961x, K4
100 _aसुदर्शन
_9156280
245 0 _aपनघट (चौदह कहानियो का संग्रह)
246 _aPanaghaṭ (chaudah kahāniyo kā sangraha)
250 _aसंस्क0 6
260 _aबम्बई
_b वोरा एण्ड कम्पनी
_c1964
650 _aहिन्दी साहित्य
_9156264
942 _hO152,3M961x, K4
_cTEXL
_2CC
999 _c364075
_d364075